书目信息 |
| 题名: |
中国近代文化史
|
|
| 作者: | 张昭军 , 孙燕京 主编 | |
| 分册: | ||
| 出版信息: | 北京 中华书局 2012 |
|
| 页数: | 437页 | |
| 开本: | 23cm | |
| 丛书名: | ||
| 单 册: | ||
| 中图分类: | K250.3 | |
| 科图分类: | ||
| 主题词: | 文化史--研究--中国--近代 , 文化史 | |
| 电子资源: | ||
| ISBN: | 978-7-101-08773-4 | |
| 000 | 00988nam0 22002651 450 | |
| 001 | 524 | |
| 005 | 20140910105658.14 | |
| 010 | @a978-7-101-08773-4@dCNY49.00 | |
| 100 | @a20121119d2012 em y0chiy50 ea | |
| 101 | 0 | @achi |
| 102 | @aCN@b110000 | |
| 105 | @aa z 000yy | |
| 106 | @ar | |
| 200 | 1 | @a中国近代文化史@AZhong Guo Jin Dai Wen Hua Shi@dA cultural history of modern China@f张昭军,孙燕京主编@FZhang Zhao Jun, Sun Yan Jing Zhu Bian@zeng |
| 210 | @a北京@c中华书局@d2012 | |
| 215 | @a437页@c图@d23cm | |
| 330 | @a本书是研究中国自近代文化的发展和演变规律的专门史,主要介绍了传统与求变、中西体用之间、戊戌新文化、清末十年的文化变局、五四新文化运动等。 | |
| 510 | 1 | @aCultural history of modern China@zeng |
| 606 | 0 | @a文化史@x研究@y中国@z近代 |
| 606 | 0 | @a文化史 |
| 690 | @aK250.3@v5 | |
| 701 | 0 | @a张昭军@AZhang Zhao Jun@f(1970.10~)@4主编 |
| 701 | 0 | @a孙燕京@ASun Yan Jing@g(女,@f1956~)@4主编 |
| 801 | 0 | @aCN@bTANGWEI@c20140603 |
| 905 | @b0837339-41@dK250.3@e187@f3 | |
| 中国近代文化史=A cultural history of modern China/张昭军,孙燕京主编.-北京:中华书局,2012 |
| 437页:图;23cm |
| ISBN 978-7-101-08773-4:CNY49.00 |
| 本书是研究中国自近代文化的发展和演变规律的专门史,主要介绍了传统与求变、中西体用之间、戊戌新文化、清末十年的文化变局、五四新文化运动等。 |
| ● |
| 相关链接 |
|
|
|
|
正题名:中国近代文化史
索取号:K250.3/187
 
预约/预借
| 序号 | 登录号 | 条形码 | 馆藏地/架位号 | 状态 | 备注 |
| 1 | 0837339 | 208373393 | 第二样本阅览室/ [索取号:K250.3/187] | 在馆 | |
| 2 | 0837340 | 208373400 | 第二借阅区/ [索取号:K250.3/187] | 在馆 | |
| 3 | 0837341 | 208373419 | 第二借阅区/ [索取号:K250.3/187] | 在馆 |